Statistics for Main Minecraft Tools in 30 Seconds

Click here to take the quiz!

General Stats

  • This quiz has been taken 1,260 times
    (1,259 since last reset)
  • The average score is 5 of 5

Answer Stats

ClueTool% Correct
Starts with "A"Axe
98%
Starts with "P"Pickaxe
97%
Starts with "S"Sword
97%
Starts with "H"Hoe
95%
Starts with "S"Shovel
94%

Score Distribution

Percentile by Number Answered

Percent of People with Each Score

Your Score History

You have not taken this quiz since the last reset